Part L explained (Record no. 105429)

MARC details
000 -LEADER
fixed length control field 01687cam a2200313 4500
001 - CONTROL NUMBER
control field ##L133581
008 - FIXED-LENGTH DATA ELEMENTS--GENERAL INFORMATION
fixed length control field 060519n2006 000 0 eng u
020 ## - INTERNATIONAL STANDARD BOOK NUMBER
International Standard Book Number 1860819109
035 ## - SYSTEM CONTROL NUMBER
System control number (Sirsi) u133581
041 0# - LANGUAGE CODE
Language code of text/sound track or separate title eng
050 04 - LIBRARY OF CONGRESS CALL NUMBER
Classification number 692.2 $2 18
110 2# - MAIN ENTRY--CORPORATE NAME
Corporate name or jurisdiction name as entry element Building Research Establishment
245 00 - TITLE STATEMENT
Title Part L explained
Remainder of title the BRE guide
260 ## - PUBLICATION, DISTRIBUTION, ETC.
Place of publication, distribution, etc. Watford
Name of publisher, distributor, etc. BRE Press
Date of publication, distribution, etc. 2006
300 ## - PHYSICAL DESCRIPTION
Extent x, 110p.
Other physical details graphs, tables.
Dimensions 22cm.
350 ## - PRICE (NR) (BK AM CF MU VM SE) [OBSOLETE]
Price 25
505 2# - FORMATTED CONTENTS NOTE
Formatted contents note Introduction - Review of Part L -- Energy performance of buildings directive -- Implementing the changes to Part L -- National calculation methodology -- Part L regulations and approved guidance -- Construction of new buildings -- Work in existing buildings.
520 ## - SUMMARY, ETC.
Summary, etc. Presented in a concise and accessible format, this book explains the energy performance requirements in the 2006 edition of Part L of the Building Regulations. Discusses the background to the changes, the energy performance of buildings directive (Directive 2002/91/EC), the regulations and approved guidance that implement the changes, designing buildings to meet the new carbon dioxide targets, and new standards for work in existing buildings.
590 ## - LOCAL NOTE (RLIN)
Local note IKA200606, KA
650 24 - SUBJECT ADDED ENTRY--TOPICAL TERM
Topical term or geographic name entry element DIRECTIVE 2002/91/EC
650 24 - SUBJECT ADDED ENTRY--TOPICAL TERM
Topical term or geographic name entry element BUILDING REGULATIONS 2000 APPROVED DOCUMENT L1A (2006 EDITION)
650 24 - SUBJECT ADDED ENTRY--TOPICAL TERM
Topical term or geographic name entry element BUILDING REGULATIONS 2000 APPROVED DOCUMENT L1B (2006 EDITION)
650 24 - SUBJECT ADDED ENTRY--TOPICAL TERM
Topical term or geographic name entry element BUILDING REGULATIONS 2000 APPROVED DOCUMENT L2A (2006 EDITION)
650 24 - SUBJECT ADDED ENTRY--TOPICAL TERM
Topical term or geographic name entry element BUILDING REGULATIONS 2000 APPROVED DOCUMENT L2B (2006 EDITION)
651 #4 - SUBJECT ADDED ENTRY--GEOGRAPHIC NAME
Geographic name England and Wales
Chronological subdivision 1543-
690 ## - LOCAL SUBJECT ADDED ENTRY--TOPICAL TERM (OCLC, RLIN)
Topical term or geographic name as entry element Building regulations
9 (RLIN) 6224
942 ## - ADDED ENTRY ELEMENTS (KOHA)
Suppress in OPAC 0
Holdings
Withdrawn status Lost status Source of classification or shelving scheme Damaged status Not for loan Home library Current library Shelving location Date acquired Cost, normal purchase price Total Checkouts Full call number Barcode Date last seen Date last checked out Copy number Cost, replacement price Price effective from Koha item type
    Dewey Decimal Classification     London London Books 05/06/2006 25.00 17 692.2 BUI 30073010 06/08/2019 22/10/2009 1 25.00 06/08/2019 Book